000 00899nam a2200277 i 4500
003 DO-SdBNP
005 20240823095758.0
007 ta
008 240823b2024 dr a|||| |||| 00| 0 spa d
020 _a9789945223651
040 _aDO-SdBNP
_bspa
_cBNPHU
_erda
082 4 _222
100 _aSamary, Mirla,
_eautor
_986384
245 1 0 _aOraciones con propósito /
_cMirla Samary ; colaboración, Víctor C. Baret B.
264 _aSanto Domingo :
_bBúho,
_c2024.
300 _avolumenes :
_bilustraciones ;
_c22 cm.
336 _2rdacontent
_atexto
_btxt
337 _2rdamedia
_asin mediación
_bn
338 _2rdacarrier
_avolumen
_bnc
500 _aLa biblioteca posee el volumen 1
500 _aIncluye datos biográficos del autor en la contracubierta
590 _aInventariado, 2024/BT
700 1 _aBaret B., Víctor C.,
_ecolaboración
_948916
910 _aBtavárez
942 _2ddc
_cLBS1
999 _c57537
_d57537